000 01249cam a2200421 i 4500
999 _c856
_d856
001 020773583
003 UkOxU
005 20191223151035.0
008 161116t20171999enka j 001 0 eng c
015 _aGBB6J6658
_2bnb
016 7 _a018129857
_2Uk
020 _a9781407178677
035 _a(UkCU)6261635
035 _a(Uk)018129857
035 _a(StEdALDL)1/3520837
040 _aUkCU
_beng
_erda
_cUkCU
_dUkOxU
042 _aukscp
043 _ae-uk---
049 _aCROBAR
082 _a942 DEA
100 1 _aDeary, Terry,
_eauthor.
245 1 0 _aTerrible Tudors /
_cTerry Deary & Neil Tonge ; illustrated by Martin Brown.
264 1 _aLondon :
_bScholastic,
_c2017.
264 4 _c©1999
300 _a139 pages :
_billustrations (black and white) ;
_c20 cm.
336 _atext
_2rdacontent
336 _astill image
_2rdacontent
337 _aunmediated
_2rdamedia
338 _avolume
_2rdacarrier
490 1 _aHorrible histories
500 _aFirst published: 1993.
500 _aIncludes index.
651 0 _aGreat Britain
_xHistory
_yTudors, 1485-1603
_vJuvenile literature.
700 1 _aTonge, Neil,
_eauthor.
700 1 _aBrown, Martin,
_d1959-
_eillustrator.
830 0 _aHorrible histories.
942 _2ddc
_cNFIC